A short introduction to hermeneutics (Record no. 22541)

MARC details
000 -LEADER
fixed length control field 00412cam a22001574a 4500
020 ## - INTERNATIONAL STANDARD BOOK NUMBER
ISBN 0664227511 (alk. paper)
082 00 - DEWEY DECIMAL CLASSIFICATION NUMBER
Classification number 220.601
Author Cutter JAS
100 1# - MAIN ENTRY--AUTHOR NAME
Author name Jasper, David.
245 12 - TITLE STATEMENT
Title A short introduction to hermeneutics
250 ## - EDITION STATEMENT
Edition statement 1st ed.
260 ## - PUBLICATION, DISTRIBUTION, ETC. (IMPRINT)
Place of publication Louisville, Ky. :
Name of publisher Westminster John Knox Press,
Year of publication c2004.
300 ## - PHYSICAL DESCRIPTION
Number of Pages xii, 148 p. ;
650 ## - SUBJECT ADDED ENTRY--TOPICAL TERM
Topical Term Hermeneutics - Bible
942 ## - ADDED ENTRY ELEMENTS (KOHA)
Koha item type Books
Holdings
Home library Current library Shelving location Date acquired Full call number Accession Number Koha item type
Henry Martyn Institute Library Henry Martyn Institute Library General stacks 11/23/2018 220.601 JAS 11003939 Books
Henry Martyn Institute Library Henry Martyn Institute Library General stacks 11/23/2018 220.601 JAS 11003940 Books
                   Copyright © 2026 | Henry Martyn Institute | Hyderabad | TS-500052 | INDIA | Implemented by hmi.edu.in
Hit-Count:

Powered by Koha